[Event "Bad Wiessee Seniors op"]
[Site "Bad Wiessee"]
[Date "2012.04.29"]
[Round "9"]
[White "Klein, Reinhard"]
[Black "Brett, Digby"]
[Result "1-0"]
[WhiteElo "1774"]
[BlackElo "1568"]
[PlyCount "57"]
[EventDate "2012.04.21"]
[EventType "swiss"]
[EventRounds "9"]
[EventCountry "GER"]
[SourceTitle "EXT 2015"]
[Source "ChessBase"]
[SourceDate "2014.11.20"]
[SourceVersion "1"]
[SourceVersionDate "2014.11.20"]
[SourceQuality "1"]

1. d4 Nf6 2. Nf3 g6 3. Nc3 d5 4. h3 Bg7 5. Bf4 c6 6. e3 0-0 7. Bd3 Na6 8. a3 Qe8 9. Be5 Nh5 10. Bxg7 Nxg7 11. Qd2 e6 12. 0-0-0 b5 13. Na2 f6 14. h4 e5 15. e4 dxe4 16. Bxe4 f5 17. Qh6 Qe7 18. Bxc6 Rb8 19. Ng5 Nh5 20. Bd5+ Kh8 21. dxe5 Nc7 22. Bb3 Qg7 23. Qxg7+ Kxg7 24. g3 h6 25. Nh3 a5 26. c3 b4 27. cxb4 axb4 28. Nxb4 Bb7 29. Rd7+ 1-0

[Event "Bad Wiessee Seniors op"]
[Site "Bad Wiessee"]
[Date "2012.04.22"]
[Round "2"]
[White "Brett, Digby"]
[Black "Hagermann, Hermann"]
[Result "0-1"]
[WhiteElo "1568"]
[BlackElo "1834"]
[PlyCount "60"]
[EventDate "2012.04.21"]
[EventType "swiss"]
[EventRounds "9"]
[EventCountry "GER"]
[SourceTitle "EXT 2015"]
[Source "ChessBase"]
[SourceDate "2014.11.20"]
[SourceVersion "1"]
[SourceVersionDate "2014.11.20"]
[SourceQuality "1"]

1. d4 Nf6 2. c4 e6 3. Nc3 c5 4. d5 exd5 5. cxd5 d6 6. e4 g6 7. f4 Bg7 8. Bb5+ Nfd7 9. Nf3 0-0 10. 0-0 a6 11. Bd3 b5 12. a3 Nf6 13. Ne2 Bg4 14. Ng3 Nh5 15. Nxh5 Bxh5 16. h3 Bxf3 17. Qxf3 Nd7 18. Rb1 c4 19. Be2 a5 20. Bd2 b4 21. axb4 axb4 22. Bxb4 Qb6+ 23. Kh1 Qxb4 24. b3 c3 25. Ra1 Qd4 26. Rxa8 Rxa8 27. Rd1 Qc5 28. e5 dxe5 29. f5 Ra2 30. fxg6 hxg6 0-1

[Event "Bayern-ch Seniors 21st"]
[Site "Bergen"]
[Date "2009.06.23"]
[Round "4"]
[White "Brett, Digby"]
[Black "Hartlaub, Marianne"]
[Result "1-0"]
[WhiteElo "1524"]
[BlackElo "1485"]
[PlyCount "44"]
[EventDate "2009.06.20"]
[EventType "swiss"]
[EventRounds "9"]
[EventCountry "GER"]
[SourceTitle "EXT 2015"]
[Source "ChessBase"]
[SourceDate "2014.11.20"]
[SourceVersion "1"]
[SourceVersionDate "2014.11.20"]
[SourceQuality "1"]

1. e4 d6 2. d4 Nf6 3. Nc3 c6 4. Bd3 e5 5. dxe5 dxe5 6. Nf3 Bg4 7. h3 Bxf3 8. Qxf3 Be7 9. Be3 Nbd7 10. Rd1 0-0 11. 0-0 Qc7 12. Be2 a6 13. Qg3 Nc5 14. Bh6 g6 15. Bxf8 Ncxe4 16. Nxe4 Nxe4 17. Qe3 Nf6 18. Bxe7 Qxe7 19. c4 Re8 20. Rd2 Kg7 21. Rfd1 Qb4 22. a3 Qe7 1-0

[Event "Bayern-ch Seniors 21st"]
[Site "Bergen"]
[Date "2009.06.22"]
[Round "3"]
[White "Schuster, Herbert"]
[Black "Brett, Digby"]
[Result "1-0"]
[WhiteElo "1698"]
[BlackElo "1524"]
[PlyCount "69"]
[EventDate "2009.06.20"]
[EventType "swiss"]
[EventRounds "9"]
[EventCountry "GER"]
[SourceTitle "EXT 2015"]
[Source "ChessBase"]
[SourceDate "2014.11.20"]
[SourceVersion "1"]
[SourceVersionDate "2014.11.20"]
[SourceQuality "1"]

1. e4 c5 2. Nf3 d6 3. b3 Nf6 4. Bb5+ Bd7 5. Bxd7+ Qxd7 6. d3 Nc6 7. h3 e6 8. Nbd2 Qc7 9. Bb2 Be7 10. 0-0 h6 11. a4 0-0 12. Qe2 e5 13. Nc4 b6 14. Ne3 Rfe8 15. c4 Nd8 16. Nf5 Bf8 17. Nh2 g6 18. Ng4 Nxg4 19. Qxg4 Kh7 20. Ne3 Ne6 21. Nd5 Qd8 22. g3 Bg7 23. h4 h5 24. Qf3 Rf8 25. Rae1 Nc7 26. Ne3 Qd7 27. Qg2 Bh6 28. Nc2 Ne6 29. Re2 f5 30. exf5 gxf5 31. Qd5 Rg8 32. Bxe5 Rad8 33. Bf6 Nf4 34. Re7+ Qxe7 35. Qxf5+ 1-0

[Event "Bayern-ch Seniors 21st"]
[Site "Bergen"]
[Date "2009.06.21"]
[Round "2"]
[White "Schmitzer, Heinrich"]
[Black "Brett, Digby"]
[Result "1/2-1/2"]
[WhiteElo "1742"]
[BlackElo "1524"]
[PlyCount "82"]
[EventDate "2009.06.20"]
[EventType "swiss"]
[EventRounds "9"]
[EventCountry "GER"]
[SourceTitle "EXT 2015"]
[Source "ChessBase"]
[SourceDate "2014.11.20"]
[SourceVersion "1"]
[SourceVersionDate "2014.11.20"]
[SourceQuality "1"]

1. c4 Nf6 2. Nc3 g6 3. g3 Bg7 4. Bg2 0-0 5. e3 c6 6. Nge2 d6 7. 0-0 a5 8. d4 Na6 9. a3 Rb8 10. b3 Bd7 11. Ra2 b5 12. cxb5 cxb5 13. Ne4 Qb6 14. Nf4 e6 15. Nxf6+ Bxf6 16. Bd2 Rbc8 17. Rc2 Rxc2 18. Qxc2 Rc8 19. Qb1 d5 20. Rc1 Rc7 21. Rc2 b4 22. a4 Rxc2 23. Qxc2 Qc6 24. Qb1 Nc7 25. Nd3 Be7 26. Ne5 Qd6 27. Nxd7 Qxd7 28. Qc2 Na8 29. e4 dxe4 30. Qxe4 Nc7 31. Qb7 g5 32. Be3 Qd8 33. Qe4 Nd5 34. Bd2 Qc8 35. Bf1 f5 36. Qd3 Qc6 37. Qc4 Qxc4 38. Bxc4 Kf7 39. Kg2 g4 40. Bxd5 exd5 41. Bf4 Bd8 1/2-1/2

[Event "Seefeld op 16th"]
[Site "Seefeld"]
[Date "2005.09.19"]
[Round "3"]
[White "Brett, Digby"]
[Black "Disselberger, Alfons"]
[Result "1-0"]
[WhiteElo "1869"]
[BlackElo "1290"]
[PlyCount "100"]
[EventDate "2005.09.17"]
[EventType "swiss"]
[EventRounds "9"]
[EventCountry "AUT"]
[SourceTitle "EXT 2007"]
[Source "ChessBase"]
[SourceDate "2006.11.23"]
[SourceVersion "1"]
[SourceVersionDate "2006.11.23"]
[SourceQuality "1"]

1. e4 e6 2. d4 d5 3. Nc3 Bb4 4. e5 Bxc3+ 5. bxc3 Nd7 6. Bd3 c5 7. Nf3 cxd4 8. cxd4 Nb6 9. 0-0 Ne7 10. Qe2 Nf5 11. a4 0-0 12. a5 Nd7 13. c4 a6 14. cxd5 Nb8 15. Bd2 Qxd5 16. Bc4 Qd7 17. Rfd1 Nc6 18. Bc3 Qe7 19. d5 exd5 20. Bxd5 Be6 21. Qe4 Rfc8 22. Rac1 Rab8 23. Be1 g6 24. Bd2 Bxd5 25. Qxd5 Qe6 26. Qxe6 fxe6 27. Bc3 Rd8 28. Ng5 Ng7 29. g4 Rxd1+ 30. Rxd1 Rd8 31. Rxd8+ Nxd8 32. Ne4 Ne8 33. Nf6+ Nxf6 34. exf6 Nc6 35. f4 Kf7 36. g5 Nd8 37. Kf2 Kg8 38. Ke3 Nf7 39. Ke4 Nd8 40. Ke5 Kf7 41. Kd6 Ke8 42. Kc7 e5 43. Bxe5 Nc6 44. Bc3 Nd8 45. h4 Ne6+ 46. Kxb7 Nxf4 47. Kxa6 Ng2 48. Kb7 Nxh4 49. a6 Nf5 50. a7 Nd6+ 1-0

[Event "Seefeld op 16th"]
[Site "Seefeld"]
[Date "2005.09.18"]
[Round "2"]
[White "Aigner, Georg"]
[Black "Brett, Digby"]
[Result "1-0"]
[WhiteElo "2033"]
[BlackElo "1869"]
[PlyCount "91"]
[EventDate "2005.09.17"]
[EventType "swiss"]
[EventRounds "9"]
[EventCountry "AUT"]
[SourceTitle "EXT 2007"]
[Source "ChessBase"]
[SourceDate "2006.11.23"]
[SourceVersion "1"]
[SourceVersionDate "2006.11.23"]
[SourceQuality "1"]

1. e4 c5 2. Nf3 d6 3. Bc4 Nf6 4. Ng5 e6 5. Nc3 a6 6. a4 Be7 7. 0-0 0-0 8. Re1 Nc6 9. Nf3 Qc7 10. d3 Ne5 11. Nxe5 dxe5 12. Qf3 b6 13. Qg3 Kh8 14. Bg5 Nh5 15. Qh4 Bxg5 16. Qxg5 Nf4 17. h4 h6 18. Qg4 Bb7 19. g3 f5 20. Qd1 Nh3+ 21. Kg2 Nxf2 22. Kxf2 fxe4+ 23. Kg1 exd3 24. Bxd3 e4 25. Nxe4 Bxe4 26. Re3 Rad8 27. Qe2 Bxd3 28. cxd3 Qd6 29. Rd1 Rf6 30. Rf1 Rdf8 31. Rxf6 Rxf6 32. Kh2 Qd4 33. Kh3 Qxa4 34. Qg2 Qd4 35. Qe2 a5 36. Re4 Qf2 37. b3 Qxe2 38. Rxe2 Kg8 39. Kg2 Kf7 40. Re4 b5 41. g4 Ke7 42. d4 cxd4 43. Rxd4 e5 44. Rd5 e4 45. Rxb5 e3 46. Rxa5 1-0

[Event "Seefeld op 16th"]
[Site "Seefeld"]
[Date "2005.09.17"]
[Round "1"]
[White "Brett, Digby"]
[Black "Mertens, Klaus"]
[Result "0-1"]
[WhiteElo "1869"]
[BlackElo "2144"]
[PlyCount "52"]
[EventDate "2005.09.17"]
[EventType "swiss"]
[EventRounds "9"]
[EventCountry "AUT"]
[SourceTitle "EXT 2007"]
[Source "ChessBase"]
[SourceDate "2006.11.23"]
[SourceVersion "1"]
[SourceVersionDate "2006.11.23"]
[SourceQuality "1"]

1. e4 c5 2. Nf3 e6 3. d4 cxd4 4. Nxd4 a6 5. Nc3 Qc7 6. Bd3 Nc6 7. Nxc6 dxc6 8. 0-0 e5 9. f4 Nf6 10. f5 Bc5+ 11. Kh1 h5 12. Be2 Bd7 13. Bf3 0-0-0 14. Qe2 Rdg8 15. Bg5 Ng4 16. Bxg4 hxg4 17. Qxg4 g6 18. Qe2 gxf5 19. Be3 Bxe3 20. Qxe3 f4 21. Qf2 Rg5 22. Rad1 Rgh5 23. g3 Bh3 24. Rg1 Bg4 25. Rd2 Rxh2+ 26. Qxh2 Bf3+ 0-1

[Event "Seefeld op 15th"]
[Site "Seefeld"]
[Date "2004.09.19"]
[Round "2"]
[White "Brett, Digby"]
[Black "Huettemann, Ralf"]
[Result "1-0"]
[WhiteElo "1612"]
[BlackElo "2009"]
[PlyCount "83"]
[EventDate "2004.09.18"]
[EventType "swiss"]
[EventRounds "9"]
[EventCountry "AUT"]
[SourceTitle "EXT 2005"]
[Source "ChessBase"]
[SourceDate "2004.11.15"]
[SourceVersion "1"]
[SourceVersionDate "2004.11.15"]
[SourceQuality "1"]

1. e4 g5 2. d4 h6 3. Nc3 c6 4. Be3 d6 5. Qd2 Bg7 6. Bd3 Nd7 7. Nge2 Ngf6 8. f3 Qc7 9. 0-0-0 a5 10. f4 Ng4 11. Bg1 b5 12. h3 Ngf6 13. e5 b4 14. Na4 Nd5 15. exd6 Qxd6 16. fxg5 hxg5 17. Bh2 Qh6 18. Kb1 Ba6 19. Bxa6 Rxa6 20. Rhf1 0-0 21. Ng3 e6 22. Rde1 c5 23. dxc5 Rc6 24. Nf5 Qf6 25. Nxg7 Qxg7 26. Bd6 Rfc8 27. Rf3 N7b6 28. Rg3 Nc4 29. Qc1 f6 30. Rxe6 Kf7 31. Re1 Nxd6 32. Qd1 Rxc5 33. Nxc5 Rxc5 34. Rd3 Rc7 35. Rxd5 Nf5 36. Rd7+ Rxd7 37. Qxd7+ Kg6 38. Qd3 Qb7 39. g4 b3 40. Qxf5+ Kg7 41. axb3 a4 42. bxa4 1-0

[Event "Bayern-ch Seniors 14th"]
[Site "Schloss Schney"]
[Date "2002.06.02"]
[Round "3"]
[White "Brett, Digby"]
[Black "Braeu, Ludwig"]
[Result "1/2-1/2"]
[WhiteElo "1507"]
[BlackElo "1852"]
[PlyCount "78"]
[EventDate "2002.05.31"]
[EventType "swiss"]
[EventRounds "9"]
[EventCountry "GER"]
[SourceTitle "EXT 2003"]
[Source "ChessBase"]
[SourceDate "2002.11.25"]
[SourceVersion "1"]
[SourceVersionDate "2002.11.25"]
[SourceQuality "1"]

1. c4 g6 2. Nc3 Bg7 3. Nf3 c5 4. g3 Nc6 5. Bg2 e5 6. 0-0 Nge7 7. a3 0-0 8. Rb1 a5 9. d3 d6 10. Bd2 h6 11. Nb5 a4 12. Nc3 Qa5 13. e4 Nd4 14. Nxd4 cxd4 15. Nb5 Qb6 16. Qc1 Bd7 17. b3 Bxb5 18. bxa4 Rxa4 19. Rxb5 Qa7 20. Rb3 Kh7 21. Bb4 Rd8 22. f4 Nc6 23. f5 Nxb4 24. axb4 Ra8 25. fxg6+ fxg6 26. Qc2 Ra1 27. Rbb1 Rxb1 28. Rxb1 b6 29. Bf3 h5 30. Kg2 Bh6 31. h3 Be3 32. Rb2 Qa1 33. Rb1 Ra2 34. Rxa1 Rxc2+ 35. Kh1 Rf2 36. Bg2 Rb2 37. b5 Rd2 38. Bf1 Rf2 39. Bg2 Rd2 1/2-1/2